000 00919nam a22003017i 4500
003 URS
005 20220117094929.0
008 170710b xxu||||| |||| 00| 0 eng d
040 _aDML
_erda
_cURSR
_beng
041 _afil
042 _aDMLUC
050 0 0 _aDS 668
_bP966 1988
100 1 0 _aPulido, Paz,
_eauthor
245 1 0 _aKasaysayan at pamahalaan ng Pilipinas :
_bpara sa unang taon (SEDP) /
_cnina Paz Pulido, Salud R. Enriquez, E.L. Ramos.
264 1 _a[Manila] :
_bPhilippine Book Company,
_c[1989]
264 4 _c©1989
300 _avii, 280 pages :
_billustrationss
_c26 cm.
336 _atext
_btxt
_2rdacontent
337 _aunmediated
_bn
_2rdamedia
338 _avolume
_bnc
_2rdacarrier
651 _aPhilippines
_xHistory.
651 _aPhilippines
_xPolitics and government.
700 1 _aEnriquez, Salud R.
700 1 _aRamos, E. L.
905 _aFI
942 _2lcc
_cF
999 _c11907
_d11907